000 nam a22 7a 4500
999 _c129563
_d129563
008 190503b xxu||||| |||| 00| 0 eng d
020 _a978 3 86288 458 2
050 _aDT3410.S65 D534
100 _aDhliwayo, Kholisle David
_946254
245 _aExternal traders in the hinterland of Sofala 1810-1889
_c/ by Kholisle David Dhliwayo
260 _aMuenchen:
_bLincom GmbH,
_c2014.
300 _a118p. ;
_c21cm.
440 _aLincom cultural studies
_nno.13
_946255
650 _2Sofala
_xhistory
_y19th Century
_946256
650 _aTrading
_zSofala
_946257
942 _2lcc
_cMONOGRAPH